|
|
|
|
| LEADER |
01168nam a2200361 a 4500 |
| 001 |
000464393 |
| 003 |
CZ BrMZK |
| 005 |
20210128085217.0 |
| 007 |
ta |
| 008 |
000115s1999 xr f 0 cze d |
| 015 |
|
|
|a cnb000840456
|
| 020 |
|
|
|a 80-7184-864-6
|
| 035 |
|
|
|a (OCoLC)45022621
|
| 040 |
|
|
|a BOA001
|b cze
|
| 072 |
|
7 |
|a 615
|x Farmacie. Farmakologie
|2 Konspekt
|9 14
|
| 080 |
|
|
|a 613.81/.84
|2 MRF
|
| 080 |
|
|
|a 615.214
|2 MRF
|
| 080 |
|
|
|a 615.01/.09
|2 MRF
|
| 080 |
|
|
|a (048.8)
|2 MRF
|
| 100 |
1 |
|
|a Bečková, Ilona,
|d 1972-
|7 jn19990209033
|4 aut
|
| 245 |
1 |
0 |
|a Farmakologie drogových závislostí /
|c Ilona Bečková, Peter Višňovský
|
| 250 |
|
|
|a Vyd. 1.
|
| 260 |
|
|
|a Praha :
|b Karolinum,
|c 1999
|
| 300 |
|
|
|a 112 s. :
|b il. ;
|c 19 cm
|
| 500 |
|
|
|a Bibliogr.
|
| 650 |
0 |
7 |
|a drogová závislost
|7 ph117184
|2 czenas
|
| 650 |
0 |
7 |
|a drogy
|7 ph119615
|2 czenas
|
| 650 |
0 |
7 |
|a farmakologie
|7 ph114526
|2 czenas
|
| 655 |
|
7 |
|a studie
|7 fd133597
|2 czenas
|
| 700 |
1 |
|
|a Višňovský, Peter,
|d 1941-2009
|7 jn19990209989
|4 aut
|
| 910 |
|
|
|a BOA001
|b 1-1069.257
|
| 990 |
|
|
|a BK
|
| 996 |
6 |
|
|b 2610108544
|c 1-1069.257
|l MZK
|r Sklad / do 1 hodiny
|n 18
|p p.v.
|w 000464393
|u 000010
|a 1
|e BOA001
|j MZK50
|s P
|